000 00548nam a22002177a 4500
003 UA-OsUOA
001 68781
007 ta
008 20100518b un ||||| |||| 00| 0 ukr d
100 _aГлушман І.
090 _a908
_bГ55
942 _cSA
040 _aUA-OsUOA
_bukr
_cUA-OsUOA
_dUA-OsUOA
245 _aПодвиг визволителівзалишиться прикладом навіки
300 _aС.1
955 _a0
041 _aukr
080 _a908
773 0 _w68779
650 7 _a908 Краєзнавство
_2UDC
999 _c355035
_d355035